MDQL
is popping MORE tags! Check the
thread
!
Quizzes
Events
Quiz Creation
Community
Videos
Private Events
Remove Ads
Sign In
Join for FREE
Feedback
Dark Mode
Quiz Categories
Sports
Geography
Music
Movies
Television
Just For Fun
Miscellaneous
History
Literature
Language
Science
Gaming
Entertainment
Religion
Holiday
For Kids
Quiz Lab
Recent
Popular Today
Quiz Kudos Today
Editor Picks
Curator Picks
Quizzes by...
Day
Popularity
Type
Ratings
Length
Year
Community
Subscriptions
Recent Discussions
Orange Saloon
Badges
Playlists
Quests
Create
Leaderboards
Showdown
Live 5
Trivia Bingo
Activity
Puzzle Library
Sporcle Events
Private Events
Virtual Trivia
Globe League
Become a Host
Pub Owners
SporcleCon
Opinionation
Our Games
Videos
Blog
Mobile Apps
Partnerships
Remove Ads and Go Orange
Feedback
Sports
Athletes
MLB
NBA
NHL
NFL
Soccer
Sports Teams
WWE
NCAA
Football
Premier League
Basketball
Baseball
Hockey
Golf
Tennis
Cricket
Rugby
Auto Racing
Olympics
World Cup
Sports
Athletes
MLB
NBA
NHL
NFL
Soccer
Sports Teams
WWE
NCAA
Football
Premier League
Basketball
Baseball
Hockey
Golf
Tennis
Cricket
Rugby
Auto Racing
Olympics
World Cup
Random Quiz
Search Sporcle
×
Quiz Lab
Quiz Lab
Sports
WWE
Type in answers that appear in a list
Type in answers that appear in a list
Classic
Best Score? Go Orange.
Chris Jericho's WWE opponents Stats
Can you name the Chris Jericho's WWE opponents part 2 (2001-2002)?
By
CosmoBrown
15m
200 Questions
647 Plays
647 Plays
647 Plays
Comments
Comments
Give Quiz Kudos
Give Quiz Kudos
-
- Ratings
hide this ad
Replay
Link that replays current quiz
Next Quiz
Link to next quiz in quiz playlist
You Got
0%
They Got
Avg Score
85%
Avg Friend Score
Upgrade to see
Score Distribution
Jump to the score distribution portion of the page
Score
0/200
Timer
15:00
0
Plays Today
PPV or non-PPV
Wrestler
% Correct
Smackdown (12th April 2001)
Edge
97.2%
Smackdown (3rd May 2001)
Edge
97.2%
Judgement Day (20th May 2001)
Edge
97.2%
Smackdown (14th June 2001)
Edge
97.2%
Raw (14th May 2001)
Edge
97.1%
Smackdown (17th May 2001)
Edge
97.1%
Smackdown (24th May 2001)
Edge
97.1%
Smackdown (3rd January 2002)
Edge
97.1%
No Mercy (21st October 2001)
The Rock
96.8%
Raw (5th November 2001)
The Rock
96.8%
Smackdown (22nd November 2001)
The Rock
96.8%
Raw (26th November 2001)
The Rock
96.8%
Smackdown (6th December 2001)
The Rock
96.8%
Vengeance (9th December 2001)
The Rock
96.8%
Smackdown (13th December 2001)
The Rock
96.8%
Raw (24th December 2001)
The Rock
96.8%
Smackdown (10th January 2002)
The Rock
96.8%
Royal Rumble (20th January 2002)
The Rock
96.8%
Raw (21st January 2002)
The Rock
96.8%
Smackdown (8th Febuary 2001)
Triple H
95.7%
Smackdown (5th April 2001)
Triple H
95.7%
Raw (21st May 2001)
Triple H
95.7%
Smackdown (12th April 2001)
Christian
95.4%
Smackdown (3rd May 2001)
Christian
95.4%
Smackdown (10th May 2001)
Christian
95.4%
Raw (14th May 2001)
Christian
95.4%
Judgement Day (20th May 2001)
Christian
95.4%
Smackdown (24th May 2001)
Christian
95.4%
Smackdown (14th June 2001)
Christian
95.4%
Smackdown (13th September 2001)
Christian
95.4%
Raw (24th September 2001)
Christian
95.4%
No Way Out (25th Febuary 2001)
Chris Benoit
94.9%
Smackdown (22nd Febuary 2001)
Chris Benoit
94.9%
Raw (9th April 2001)
Chris Benoit
94.9%
King of the Ring (24th June 2001)
Chris Benoit
94.9%
Raw (5th Febuary 2001)
Matt Hardy
94.7%
Judgement Day (20th May 2001)
Matt Hardy
94.7%
Judgement Day (20th May 2001)
Jeff Hardy
94.7%
Smackdown (24th May 2001)
Jeff Hardy
94.7%
Smackdown (24th May 2001)
Matt Hardy
94.7%
Raw (21st May 2001)
Stone Cold Steve Austin
94.6%
Raw (4th June 2001)
Stone Cold Steve Austin
94.6%
Smackdown (7th June 2001)
Stone Cold Steve Austin
94.6%
Raw (18th June 2001)
Stone Cold Steve Austin
94.6%
King of the Ring (24th June 2001)
Stone Cold Steve Austin
94.6%
Smackdown (24th August 2001)
Stone Cold Steve Austin
94.6%
Raw (17th September 2001)
Stone Cold Steve Austin
94.6%
Smackdown (15th November 2001)
Stone Cold Steve Austin
94.6%
Survivor Series (18th November 2001)
Stone Cold Steve Austin
94.6%
Raw (3rd December 2001)
Stone Cold Steve Austin
94.6%
Smackdown (6th December 2001)
Stone Cold Steve Austin
94.6%
Vengeance (9th December 2001)
Stone Cold Steve Austin
94.6%
Raw (10th December 2001)
Stone Cold Steve Austin
94.6%
Raw (2nd April 2001)
Kurt Angle
94.3%
Smackdown (12th April 2001)
Kurt Angle
94.3%
Raw (16th April 2001)
Kurt Angle
94.3%
Raw (23rd April 2001)
Kurt Angle
94.3%
Smackdown (26th April 2001)
Kurt Angle
94.3%
Smackdown (31st May 2001)
Kurt Angle
94.3%
Smackdown (15th November 2001)
Kurt Angle
94.3%
Survivor Series (18th November 2001)
Kurt Angle
94.3%
Raw (24th December 2001)
Kurt Angle
94.3%
Smackdown (15th March 2001)
Bubba Ray Dudley
94.1%
Smackdown (15th March 2001)
D-Von Dudley
94.1%
Smackdown (19th April 2001)
Bubba Ray Dudley
94.1%
Smackdown (19th April 2001)
D-Von Dudley
94.1%
Judgement Day (20th May 2001)
Bubba Ray Dudley
94.1%
PPV or non-PPV
Wrestler
% Correct
Judgement Day (20th May 2001)
D-Von Dudley
94.1%
Smackdown (24th May 2001)
Bubba Ray Dudley
94.1%
Smackdown (24th May 2001)
D-Von Dudley
94.1%
Raw (18th June 2001)
Bubba Ray Dudley
94.1%
Raw (18th June 2001)
D-Von Dudley
94.1%
Smackdown (21st June 2001)
Bubba Ray Dudley
94.1%
Smackdown (21st June 2001)
D-Von Dudley
94.1%
Raw (2nd July 2001)
Bubba Ray Dudley
94.1%
Raw (2nd July 2001)
D-Von Dudley
94.1%
Smackdown (5th July 2001)
Bubba Ray Dudley
94.1%
Smackdown (5th July 2001)
D-Von Dudley
94.1%
Invasion (22nd July 2001)
Bubba Ray Dudley
94.1%
Invasion (22nd July 2001)
D-Von Dudley
94.1%
Smackdown (2nd August 2001)
Bubba Ray Dudley
94.1%
Smackdown (2nd August 2001)
D-Von Dudley
94.1%
Raw (6th August 2001)
Bubba Ray Dudley
94.1%
Raw (6th August 2001)
D-Von Dudley
94.1%
Smackdown (4th September 2001)
Bubba Ray Dudley
94.1%
Smackdown (4th September 2001)
D-Von Dudley
94.1%
Raw (10th September 2001)
Bubba Ray Dudley
94.1%
Raw (10th September 2001)
D-Von Dudley
94.1%
Smackdown (4th October 2001)
Bubba Ray Dudley
94.1%
Smackdown (4th October 2001)
D-Von Dudley
94.1%
Raw (22nd October 2001)
Bubba Ray Dudley
94.1%
Raw (22nd October 2001)
D-Von Dudley
94.1%
Raw (19th November 2001)
Kane
91.8%
Raw (26th November 2001)
Kane
91.8%
Raw (21st January 2002)
Triple H
91.8%
Raw (12th Febuary 2001)
Eddie Guerrero
91.7%
No Way Out (25th Febuary 2001)
Eddie Guerrero
91.7%
Raw (5th March 2001)
Eddie Guerrero
91.7%
Smackdown (22nd Febuary 2001)
Eddie Guerrero
91.7%
Raw (July 16th 2001)
Booker T
89.3%
Invasion (22nd July 2001)
Booker T
89.3%
Raw (13th August 2001)
Booker T
89.3%
Smackdown (4th September 2001)
Booker T
89.3%
Raw (1st October 2001)
Booker T
89.3%
Smackdown (25th October 2001)
Booker T
89.3%
Smackdown (1st November 2001)
Booker T
89.3%
Survivor Series (18th November 2001)
Booker T
89.3%
Smackdown (26th July 2001)
Rob Van Dam
86.9%
Smackdown (16th August 2001)
Rob Van Dam
86.9%
Raw (27th August 2001)
Rob Van Dam
86.9%
Smackdown (30th August 2001)
Rob Van Dam
86.9%
Raw (3rd September 2001)
Rob Van Dam
86.9%
Raw (17th September 2001)
Rob Van Dam
86.9%
Smackdown (27th September 2001)
Rob Van Dam
86.9%
Unforgiven (23rd September 2001)
Rob Van Dam
86.9%
Raw (1st October 2001)
Rob Van Dam
86.9%
Raw (8th October 2001)
Rob Van Dam
86.9%
Smackdown (11th October 2001)
Rob Van Dam
86.9%
Survivor Series (18th November 2001)
Rob Van Dam
86.9%
Smackdown (22nd November 2001)
Rob Van Dam
86.9%
Smackdown (13th December 2001)
Rob Van Dam
86.9%
Raw (17th December 2001)
Rob Van Dam
86.9%
Smackdown (3rd January 2002)
Rob Van Dam
86.9%
Smackdown (10th January 2002)
Rob Van Dam
86.9%
Raw (26th March 2001)
The Big Show
86.7%
Smackdown (29th March 2001)
The Big Show
86.7%
Raw (28th May 2001)
The Big Show
86.7%
Smackdown (7th June 2001)
The Big Show
86.7%
Raw (11th June 2001)
The Big Show
86.7%
Smackdown (20th December 2001)
The Big Show
86.7%
Raw (8th October 2001)
Shane McMahon
84.4%
Survivor Series (18th November 2001)
Shane McMahon
84.4%
Raw (20th August 2001)
Test
83.3%
Raw (1st October 2001)
Test
83.3%
PPV or non-PPV
Wrestler
% Correct
Smackdown (1st November 2001)
Test
83.3%
Smackdown (29th March 2001)
William Regal
82.7%
Wrestlemania 17 (1st April 2001)
William Regal
82.7%
Raw (2nd April 2001)
William Regal
82.7%
Smackdown (12th April 2001)
William Regal
82.7%
Raw (23rd April 2001)
William Regal
82.7%
Smackdown (26th April 2001)
William Regal
82.7%
Backlash (29th April 2001)
William Regal
82.7%
Insurrextion (5th May 2001)
William Regal
82.7%
Raw (7th May 2001)
William Regal
82.7%
Smackdown (28th June 2001)
William Regal
82.7%
No Way Out (25th Febuary 2001)
X-Pac
82.4%
Smackdown (15th Febuary 2001)
X-Pac
82.4%
Judgement Day (20th May 2001)
X-Pac
82.4%
Smackdown (7th June 2001)
Vince McMahon
82.2%
Raw (30th April 2001)
Rhyno
78.5%
Smackdown (3rd May 2001)
Rhyno
78.5%
Judgement Day (20th May 2001)
Bradshaw
78.5%
Smackdown (7th June 2001)
Bradshaw
78.5%
Smackdown (7th June 2001)
Rhyno
78.5%
Raw (11th June 2001)
Rhyno
78.5%
Invasion (22nd July 2001)
Rhyno
78.5%
Smackdown (2nd August 2001)
Rhyno
78.5%
Raw (13th August 2001)
Rhyno
78.5%
Smackdown (16th August 2001)
Rhyno
78.5%
Summerslam (19th August 2001)
Rhyno
78.5%
Smackdown (30th August 2001)
Rhyno
78.5%
Raw (3rd September 2001)
Rhyno
78.5%
Smackdown (4th September 2001)
Rhyno
78.5%
Raw (10th September 2001)
Rhyno
78.5%
Raw (15th October 2001)
Rhyno
78.5%
Judgement Day (20th May 2001)
Dean Malenko
76.8%
Judgement Day (20th May 2001)
Perry Saturn
76.8%
Raw (14th January 2002)
Bradshaw
75%
Judgement Day (20th May 2001)
Faarooq
74.8%
Smackdown (7th June 2001)
Faarooq
74.8%
Smackdown (July 19th 2001)
Diamond Dallas Page
74.8%
Invasion (22nd July 2001)
Diamond Dallas Page
74.8%
Raw (14th January 2002)
Faarooq
74.8%
Raw (9th July 2001)
Lance Storm
72.3%
Smackdown (12th July 2001)
Lance Storm
72.3%
Smackdown (18th October 2001)
Raven
71.9%
Judgement Day (20th May 2001)
Hardcore Holly
69.4%
Raw (26th Febuary 2001)
Raven
69.1%
Smackdown (22nd March 2001)
Raven
69.1%
Judgement Day (20th May 2001)
Crash Holly
69.1%
Smackdown (8th March 2001)
Val Venis
68.8%
Raw (12th March 2001)
Val Venis
68.8%
Raw (7th January 2002)
Rikishi
68.2%
Raw (14th January 2002)
Rikishi
68.2%
Raw (30th July 2001)
Tazz
67.7%
Raw (27th August 2001)
Tazz
67.7%
Smackdown (31st January 2002)
Tazz
67.7%
Judgement Day (20th May 2001)
Justin Credible
64.8%
Smackdown (18th October 2001)
Justin Credible
64.8%
Raw (25th June 2001)
Tajiri
57.2%
Smackdown (28th June 2001)
Tajiri
57.2%
Raw (23rd July 2001)
Kanyon
54.3%
Smackdown (26th July 2001)
Kanyon
54.3%
Raw (12th March 2001)
Bull Buchanan
53.8%
Raw (9th July 2001)
Mike Awesome
50.2%
Raw (12th March 2001)
The Goodfather
47.4%
Raw (28th January 2002)
Maven
44.8%
Smackdown (9th August 2001)
Hugh Morrus
32.1%
29.5%
Smackdown (4th October 2001)
Nick Patrick
9.4%
Quiz Playlist
Details
Report
Send in Message
Add To Playlist
Classic:
Type in answers that appear in a list
Last Updated: Jan 25, 2019
Quiz Scoreboard
CHALLENGE
Sign Up to Join the Scoreboard
Show All
Scores
Hide
Comments
May contain spoilers
Recently Published
Find the 'City' Movie
by crazypaving
Movies
60s
5x2 Blitz: Bands
by SL_Kpop136
Music
30s
Colored Red Africa Blitz
by spor1
Geography
30s
More to Explore
Quiz From the Vault
Featured Blog Post
14 Easter Pick-up Lines to Find Eggs With
hide this ad
You Might Also Like...
Tags
WWE Quiz
2001-2002
chi
Chris Jericho
Jericho
Matching
opponent
PPV
Wrestlers
Today's Top Quizzes in Sports
Browse Sports
hide this ad
Today's Top Quizzes in WWE
Browse WWE
Top Contributed Quizzes in Sports
1
Players with Multiple 50 Home Run Seasons
2
Who Needs Fielders?
3
Criteria MLB: Left Handed Sluggers
4
MLB Players with Two .350 Batting Average Seasons
5
Who Hit More Homers?
6
2020 F1 Drivers Logic Puzzle
7
NBA Teammate Connections
8
Premier League Clubs since 2000 (minefield)
9
MLB Teams by First Game
10
Top 10 NHL Goal Scorers of All Time
Explore More
Trending Topics
Marvel
Anime
Crossword
Harry Potter
NBA
Kpop
Disney
Song
Soccer
The Office
Country
Puzzle
NFL
WWE
Pokémon
hide this ad
More By:
CosmoBrown
Quiz
Plays
Rating
Category
Featured
Created
Every WWE Royal Rumble Entrant Ever! (1988-2015)
94,455
3.67
Sports
May 17, 2011
Wrestlemania & Starrcade Wrestlers
50,917
4.40
Sports
Feb 23, 2011
Wrestlers to have beaten HHH in the WWE
12,430
3.68
Sports
Aug 17, 2011
Wrestlers to have beaten Steve Austin in the WWE
9,247
4.12
Sports
Aug 28, 2011
Wrestlers to have wrestled on both WWE and TNA PPVs
6,707
3.23
Sports
May 7, 2011
Go to Creator's Profile
Score Distribution
Quiz Creator Spotlight
CosmoBrown
Follow
Send a Message
Quizzes Created
-
Created Quiz Play Count
-
More By This Creator
Popular Quizzes Today
1
5x2 Blitz: Bands
2
Find the 'City' Movie
3
Colored Red Africa Blitz
4
Find the US States - No Outlines Minefield
5
The Countries of the World
6
Find the US States
7
9x9 Crossword: Cartoon Network
8
US States
More Sports Quizzes
2019 NASCAR Cup Series Winners
Editor's Pick
Trending Quizzes
Colored Red Africa Blitz II
Colored Red Europe Blitz I
Christmas Pick: Judaism
Colored Red Africa Blitz III
Colored Red Europe Blitz II
Recently Updated
Champions League XIs: Real Madrid
pecheneg
Largest US Cities 1790-2010
pecheneg
Rides in Walt Disney World
pecheneg
Most Oscar Losses (Acting)
pecheneg
Beyoncé Albums
pecheneg
Leaping Animals
pecheneg
Reality TV Shows (A-Z)
bhenderson79
Rickey Henderson's Hall of Fame Teammates
pecheneg
Champions League XIs: Arsenal
pecheneg
Quick Pick: Celebrities in WWE's Hall of Fame
aduchscher
Trending Topics
Marvel
Disney
Crossword
Anime
NBA
Harry Potter
Kpop
Soccer
Pokémon
Puzzle
WWE
The Office
Country
Song
NFL
Your Account Isn't Verified!
In order to create a playlist on Sporcle, you need to verify the email address you used during registration. Go to your
Sporcle Settings
to finish the process.
Report this User
Report this user for behavior that violates our
Community Guidelines
.
Details:
Send Report
Go to the Sporcle.com Mobile Site →
Comments